000 01034cad a22002295a 4500
001 L157027
008 120814e20120717xxkd f s f000 0 eng d
035 _a(Sirsi) u157027
041 0 _aeng
110 1 _aOffice for National Statistics
_92210
245 0 0 _aHouse price index
_bJune 2012
_h[electronic resource]
260 _aLondon
_bDCLG
_c2012
490 0 _aONS House Price Index
_vJune 2012
520 _aUK house prices increased by 2.3% since June 2011 and by 0.5% between May and June 2012. The mix-adjusted average house price was £231 000 in June 2012 (not seasonally adjusted). Annual average house prices increased by 2.8% in England and decreased by 3.5% in 1% in Scotland and 11.9% in Northern Ireland. There was no change in Wales.
521 _aAdvanced
590 _aKA NTK
650 2 4 _aONS HOUSE PRICE INDEX
651 4 _aUnited Kingdom
_y
690 _aResidential property
_96266
856 4 0 _uhttps://www.ons.gov.uk/ons/dcp171778_275550.pdf
_zView this item free of charge at www.ons.gov.uk
942 _n0
999 _c114549
_d114549